Management des opérations de commerce international importer - exporter
Enregistré dans:
| Auteur principal: | |
|---|---|
| Autres auteurs: | |
| Format: | Livre |
| Langue: | français |
| Publié: |
Paris
DUNOD
2007
|
| Édition: | 8e éd. |
| Sujets: | |
| Tags: |
Pas de tags, Soyez le premier à ajouter un tag!
|
MARC
| LEADER | 00000nam$a2200000$$$4500 | ||
|---|---|---|---|
| 001 | 0085820 | ||
| 005 | 20240314093050.9 | ||
| 020 | |a 978-2-10-051068-9 | ||
| 041 | 0 | |a fre | |
| 044 | |a FR | ||
| 245 | 1 | 0 | |a Management des opérations de commerce international |b importer - exporter |c Ghislaine Legrand, Hubert Martini |
| 250 | |a 8e éd. | ||
| 264 | 1 | |a Paris |b DUNOD |c 2007 | |
| 300 | |a 589 s. | ||
| 610 | 2 | 0 | |a obchod medzinárodný |
| 610 | 2 | 0 | |a manažment |
| 610 | 2 | 0 | |a riadenie obchodu |
| 610 | 2 | 0 | |a dovoz |
| 610 | 2 | 0 | |a vývoz |
| 610 | 2 | 0 | |a technika obchodná |
| 610 | 2 | 0 | |a logistika |
| 610 | 2 | 0 | |a doprava |
| 610 | 2 | 0 | |a clá |
| 610 | 2 | 0 | |a platby obchodné |
| 610 | 2 | 0 | |a financie |
| 610 | 2 | 0 | |a záruka |
| 610 | 2 | 0 | |a dohody medzinárodné |
| 610 | 2 | 0 | |a investície zahraničné |
| 610 | 2 | 0 | |a riziko |
| 610 | 2 | 0 | |a právo medzinárodné |
| 610 | 2 | 0 | |a know-how |
| 610 | 2 | 0 | |a licencie |
| 100 | 1 | |a Legrand, Ghislaine | |
| 700 | 1 | |a Martini, Hubert | |